000 01341cam a2200205 4500
001 ##L136371
008 070129n2007 000 0 eng u
035 _a(Sirsi) u136371
041 0 _aeng
050 0 4 _a344.410465 $2 18
110 1 _aUnited Kingdom
_bCabinet Office
_bCivil Contingencies Secretariat
_95109
245 0 0 _aPublic safety in complex and built environments
_bcapstone guidance on integrated safety management
_h[electronic resource]
260 _a[S.l.]
_bCabinet Office
_c2007
520 _aOutlines the principles of Integrated Safety Management (ISM) for those responsible for public safety in complex and built environments (ie sports stadia, entertainment arena, business/office complexes, shopping centres, airports/railway stations etc). Emphasises the need for safety managers to integrate emergency planning and response arrangements across all user and stakeholder communities associated with complex facilities. Describes the concept of ISM and makes 19 key recommendations spanning the ISM steps of anticipation and assessment, prevention, preparation, response, and recovery.
590 _aKA
651 4 _aUnited Kingdom
_y
690 _aHealth and safety
_96244
856 4 0 _uhttps://www.ukresilience.info/publications/index.shtm
_zView the guidance free of charge at www.ukresilience.info...
942 _n0
999 _c106374
_d106374